Flirtare ai grandi magazzini /

Gespeichert in:
Bibliographische Detailangaben
1. Verfasser: Stein, Gertrude (Verfasst von)
Weitere Verfasser: Rossari, Marco
Format: Buch
Sprache:Italienisch
Veröffentlicht: Milano : Archinto, 2010
Schriftenreihe:Le mongolfiere
Tags: Tag hinzufügen
Keine Tags, Fügen Sie das erste Tag hinzu!

MARC

LEADER 00000nam a22000007i 4500
001 IT\ICCU\LO1\1312998
003 ItRI
005 20260115232144.0
008 100630s2010 it |||||| ||||| |||||c
020 |a 9788877685544 
040 |b ita  |c importazione bologna sebina 
041 7 |a ita  |2 ISO-639-2 
082 |a 818.5208  |9 SCRITTI MISCELLANEI AMERICANI IN LINGUA INGLESE, 1900-1945. SCRITTI IN PROSA.  |2 21 
100 1 |a Stein, Gertrude  |0 IT\ICCU\CFIV\060098  |4 aut 
245 1 0 |a Flirtare ai grandi magazzini /  |c Gertrude Stein ; traduzione di Marco Rossari. 
260 |a Milano :  |b Archinto,  |c 2010 
300 |a 67 p. ;  |c 18 cm. 
700 1 |a Rossari, Marco  |0 IT\ICCU\VIAV\106123 
830 3 |a Le mongolfiere  |0 IT\ICCU\LO1\0918591 
942 |2 ddc  |c BK  |n 0 
952 |0 0  |1 0  |4 0  |6 L_818_520000000000000_STE  |7 0  |9 21036  |a BO  |b BO  |d 2026-01-15  |i 15681  |l 0  |o L 818.520 STE  |p BO15681  |r 2026-01-15 23:21:44  |w 2026-01-15  |x [Sebina 5] [1 v.]  |y BK  |z 1 v. 
999 |c 17971  |d 17971